| 000 | 00433nam a2200133 a 4500 | ||
|---|---|---|---|
| 001 | 000033647 | ||
| 005 | 20200930070418.0 | ||
| 008 | 110902s1846 sp 000 0 spa d | ||
| 040 |
_aDO-SdBNP _bspa _cBNPHU |
||
| 245 | 0 | 0 | _aCristoforo Colombo libri VIII di Lorenzo Costa. |
| 260 |
_aGénova : _bTipografia del fratelli ponthenier, _c1846. |
||
| 300 |
_a354 p. ; _c24 cm. |
||
| 500 | _aAl magnifico corpo decurionale della citta de Génova | ||
| 999 |
_c33138 _d33138 |
||